[Event "CZE-chT2D 2223"]
[Site "Czech Republic"]
[Date "2023.03.26"]
[Round "11.1"]
[White "Holasek, Pavel"]
[Black "Nun, Jiri"]
[Result "1-0"]
[WhiteElo "1982"]
[BlackElo "2308"]
[PlyCount "97"]
[EventDate "2022.10.16"]
[EventType "team-tourn"]
[EventRounds "11"]
[EventCountry "CZE"]
[SourceTitle "EXT 2024"]
[Source "ChessBase"]
[SourceDate "2023.10.10"]
[SourceVersion "1"]
[SourceVersionDate "2023.10.10"]
[SourceQuality "1"]
[WhiteTeam "Usti nad Orlici"]
[BlackTeam "Hradec Kralove Slavia"]
[WhiteTeamCountry "CZE"]
[BlackTeamCountry "CZE"]

1. Nf3 d5 2. c4 e6 3. g3 Nf6 4. Bg2 Be7 5. 0-0 0-0 6. d4 b6 7. cxd5 exd5 8. Nc3 Bb7 9. Bg5 Ne4 10. Bxe7 Qxe7 11. Rc1 Nxc3 12. Rxc3 c5 13. b3 Nd7 14. Qc2 Ba6 15. dxc5 bxc5 16. Re3 Qd6 17. Rd1 Nf6 18. Ne5 Rac8 19. Nc4 Bxc4 20. bxc4 d4 21. Red3 Qc7 22. e3 dxe3 23. Rxe3 Rcd8 24. Red3 Rxd3 25. Qxd3 Re8 26. h3 h5 27. Bf3 Qa5 28. Qb3 Re1+ 29. Rxe1 Qxe1+ 30. Kg2 Qe7 31. Qb8+ Kh7 32. Qc8 g6 33. a4 Ne4 34. Qc6 Nd2 35. Qd5 Nxf3 36. Qxf3 Kg7 37. a5 Qe1 38. a6 Qe6 39. Qb7 Qxc4 40. Qxa7 Qe4+ 41. Kh2 Qd4 42. Qb7 c4 43. Kg2 c3 44. a7 c2 45. a8Q c1Q 46. Qbb8 Kh6 47. Qh8+ Qxh8 48. Qxh8+ Kg5 49. f4+ 1-0

[Event "Hradec Kralove Region-chT 2223"]
[Site "Czech Republic"]
[Date "2023.02.26"]
[Round "9.1"]
[White "Cech, Pavel"]
[Black "Nun, Jiri"]
[Result "1-0"]
[WhiteElo "2353"]
[BlackElo "2288"]
[PlyCount "69"]
[EventDate "2022.10.09"]
[EventType "team-tourn"]
[EventRounds "11"]
[EventCountry "CZE"]
[SourceTitle "EXT 2024"]
[Source "ChessBase"]
[SourceDate "2023.10.10"]
[SourceVersion "1"]
[SourceVersionDate "2023.10.10"]
[SourceQuality "1"]

1. e4 c5 2. Nf3 Nc6 3. Bb5 Qb6 4. Nc3 e6 5. 0-0 Nd4 6. Bc4 Ne7 7. Nxd4 cxd4 8. Ne2 Nc6 9. a3 d6 10. d3 Bd7 11. f4 a5 12. f5 e5 13. f6 g6 14. Kh1 Bg4 15. h3 Bxe2 16. Qxe2 h5 17. b4 axb4 18. Rb1 Bh6 19. Bxh6 Rxh6 20. axb4 Rh7 21. b5 Nd8 22. Ra1 Rc8 23. Qd2 Kd7 24. c3 dxc3 25. Qxc3 Rh8 26. Qb3 Rf8 27. Ra4 Ne6 28. Qa2 Nd8 29. Ra7 Rc7 30. Bd5 Ne6 31. Kh2 Nd8 32. Ra8 Qxb5 33. Rb1 Qxd3 34. Qa4+ Nc6 35. Rxb7 1-0

[Event "CZE-chT2D 1920"]
[Site "Czech Republic"]
[Date "2020.01.12"]
[Round "6.1"]
[White "Nun, Jiri"]
[Black "Jedlicka, Ales"]
[Result "1/2-1/2"]
[WhiteElo "2301"]
[BlackElo "2206"]
[PlyCount "89"]
[EventDate "2019.10.13"]
[EventType "team-tourn"]
[EventRounds "11"]
[EventCountry "CZE"]
[SourceTitle "EXT 2024"]
[Source "ChessBase"]
[SourceDate "2023.10.10"]
[SourceVersion "1"]
[SourceVersionDate "2023.10.10"]
[SourceQuality "1"]
[WhiteTeam "Hradec Kralove Slavia"]
[BlackTeam "Polabiny III"]
[WhiteTeamCountry "CZE"]
[BlackTeamCountry "CZE"]

1. e4 c5 2. Nf3 d6 3. d4 cxd4 4. Nxd4 Nf6 5. Nc3 a6 6. g3 e5 7. Nde2 Be7 8. a4 Nc6 9. Bg2 0-0 10. h3 Nb4 11. 0-0 Be6 12. Nd5 Nfxd5 13. exd5 Bf5 14. c3 Nd3 15. a5 Nxc1 16. Nxc1 Bg6 17. f4 exf4 18. gxf4 Qd7 19. Qf3 Bf5 20. Ne2 Bf6 21. Kh2 Rfe8 22. Ng3 Bh4 23. Rfe1 Bxg3+ 24. Qxg3 Qb5 25. Rxe8+ Rxe8 26. Re1 Rxe1 27. Qxe1 Kf8 28. b4 Qd3 29. Qg3 Qc2 30. Qe3 g6 31. Qb6 Qxc3 32. Qxd6+ Ke8 33. Qb8+ Qc8 34. Qe5+ Kd7 35. Qf6 Qf8 36. Qb6 Qb8 37. d6 Qxd6 38. Qxd6+ Kxd6 39. Bxb7 Bd3 40. Kg3 f6 41. h4 h6 42. Bf3 Bc4 43. Be4 g5 44. hxg5 hxg5 45. fxg5 1/2-1/2

[Event "CZE-chT2D 1920"]
[Site "Czech Republic"]
[Date "2019.11.17"]
[Round "3.2"]
[White "Nun, Jiri"]
[Black "Smutny, Jan"]
[Result "1-0"]
[WhiteElo "2301"]
[BlackElo "2217"]
[PlyCount "109"]
[EventDate "2019.10.13"]
[EventType "team-tourn"]
[EventRounds "11"]
[EventCountry "CZE"]
[SourceTitle "EXT 2024"]
[Source "ChessBase"]
[SourceDate "2023.10.10"]
[SourceVersion "1"]
[SourceVersionDate "2023.10.10"]
[SourceQuality "1"]
[WhiteTeam "Hradec Kralove Slavia"]
[BlackTeam "Pardubice Rapid"]
[WhiteTeamCountry "CZE"]
[BlackTeamCountry "CZE"]

1. e4 e5 2. Nf3 Nf6 3. d4 exd4 4. e5 Ne4 5. Qxd4 d5 6. exd6 Nxd6 7. Bd3 Nc6 8. Qf4 Be7 9. Nc3 Be6 10. Be3 Qd7 11. 0-0-0 0-0-0 12. Qa4 Bf6 13. Bxa7 Bxc3 14. bxc3 Ne5 15. Qxd7+ Nxd7 16. a4 b6 17. Ba6+ Nb7 18. Rxd7 Rxd7 19. Nd4 Rd6 20. Re1 Rhd8 21. a5 bxa5 22. Bb5 Bd7 23. Bd3 Re8 24. Rxe8+ Bxe8 25. Nf5 Rd8 26. Nxg7 Bd7 27. Bd4 Nd6 28. Bf6 Rg8 29. h4 h6 30. f3 Kb7 31. g4 c5 32. c4 Bc6 33. f4 Bf3 34. g5 h5 35. Be5 Kc6 36. f5 Ne8 37. f6 Nd6 38. g6 fxg6 39. Bxg6 Rf8 40. Ne6 Ra8 41. f7 Nxf7 42. Bxf7 Ra7 43. Ng5 Re7 44. Bf6 Re1+ 45. Kb2 Bg4 46. Bd5+ Kb6 47. Bd8+ Ka6 48. Ne4 Re2 49. Nxc5+ Ka7 50. Be4 Rh2 51. Bd3 Be2 52. Bxe2 Rxe2 53. Bxa5 Re5 54. Bb4 Rf5 55. Nd3 1-0

[Event "Pardubice Czech op-A 30th"]
[Site "Pardubice"]
[Date "2019.07.25"]
[Round "7"]
[White "Kumala, Aleksander"]
[Black "Nun, Jiri"]
[Result "1-0"]
[WhiteElo "2184"]
[BlackElo "2310"]
[PlyCount "87"]
[EventDate "2019.07.19"]
[EventType "swiss"]
[EventRounds "9"]
[EventCountry "CZE"]
[SourceTitle "CBM 191"]
[Source "ChessBase"]
[SourceDate "2019.08.31"]
[SourceVersion "1"]
[SourceVersionDate "2019.08.31"]
[SourceQuality "1"]

1. d4 Nf6 2. Bg5 c5 3. d5 g6 4. Nc3 d6 5. e4 Bg7 6. Bb5+ Nfd7 7. a4 Na6 8. Nf3 Nc7 9. Be2 b6 10. Nd2 Rb8 11. Nc4 f6 12. Be3 Ba6 13. h4 Bxc4 14. Bxc4 Ne5 15. Be2 Nf7 16. h5 a6 17. hxg6 hxg6 18. Rxh8+ Nxh8 19. Bg4 Kf8 20. Qf3 Qe8 21. Qh3 Qf7 22. Be6 Qe8 23. 0-0-0 Nxe6 24. dxe6 g5 25. f4 gxf4 26. Bxf4 Qg6 27. Rxd6 exd6 28. Bxd6+ Ke8 29. Bxb8 Qh6+ 30. Qxh6 Bxh6+ 31. Kd1 Ke7 32. Nd5+ Kxe6 33. Nxb6 Ng6 34. Nd5 Nf8 35. Nc7+ Kd7 36. Nxa6 Ne6 37. Bg3 Kc8 38. Bd6 Be3 39. b4 cxb4 40. Nxb4 Ng5 41. e5 Nf7 42. Ke2 Bg1 43. Nd3 Bd4 44. Bc5 1-0

[Event "Pardubice op rapid 30th"]
[Site "Pardubice"]
[Date "2019.07.18"]
[Round "5"]
[White "Nun, Jiri"]
[Black "Lalic, Bogdan"]
[Result "1/2-1/2"]
[WhiteElo "2310"]
[BlackElo "2411"]
[PlyCount "36"]
[EventDate "2019.07.17"]
[EventType "swiss (rapid)"]
[EventRounds "9"]
[EventCountry "CZE"]
[SourceTitle "CBM 191 Extra"]
[Source "ChessBase"]
[SourceDate "2019.09.30"]
[SourceVersion "1"]
[SourceVersionDate "2019.09.30"]
[SourceQuality "1"]

1. e4 c5 2. Nf3 d6 3. c3 Nf6 4. Be2 g6 5. 0-0 Bg7 6. Bb5+ Nc6 7. Re1 0-0 8. h3 Ne5 9. d4 Nxf3+ 10. Qxf3 cxd4 11. cxd4 Qb6 12. Qd3 Nxe4 13. Rxe4 Bf5 14. Nc3 d5 15. Nxd5 Bxe4 16. Qxe4 Qxb5 17. Nc7 Qb4 18. Nxa8 Rxa8 1/2-1/2

[Event "Pardubice op rapid 30th"]
[Site "Pardubice"]
[Date "2019.07.17"]
[Round "3"]
[White "Nun, Jiri"]
[Black "Poleg, Matan"]
[Result "1/2-1/2"]
[WhiteElo "2310"]
[BlackElo "2226"]
[PlyCount "82"]
[EventDate "2019.07.17"]
[EventType "swiss (rapid)"]
[EventRounds "9"]
[EventCountry "CZE"]
[SourceTitle "CBM 191 Extra"]
[Source "ChessBase"]
[SourceDate "2019.09.30"]
[SourceVersion "1"]
[SourceVersionDate "2019.09.30"]
[SourceQuality "1"]

1. e4 e5 2. Nf3 Nc6 3. Bc4 Bc5 4. b4 Bb6 5. c3 Nf6 6. d3 d6 7. a4 a5 8. b5 Ne7 9. 0-0 h6 10. Be3 Bxe3 11. fxe3 Ng6 12. Nbd2 0-0 13. Qe1 c6 14. Nh4 Nxh4 15. Qxh4 Be6 16. Bxe6 fxe6 17. Rab1 Nd7 18. Qxd8 Raxd8 19. Rxf8+ Kxf8 20. bxc6 bxc6 21. Nc4 Nc5 22. Nxa5 Nxa4 23. c4 Nc5 24. Nxc6 Rc8 25. Na7 Ra8 26. Nb5 Ke7 27. Rd1 Ra2 28. h3 Re2 29. Ra1 Nxd3 30. Ra7+ Kf8 31. Nxd6 Rxe3 32. Rc7 Re1+ 33. Kh2 Rc1 34. Nb7 h5 35. h4 Nf2 36. Nd8 Ng4+ 37. Kh3 Rc3+ 38. g3 Rc2 39. Nxe6+ Ke8 40. Nxg7+ Kd8 41. Ne6+ Ke8 1/2-1/2

[Event "CZE-chT1W 1819"]
[Site "Czech Republic"]
[Date "2019.04.07"]
[Round "11.3"]
[White "Sokolov, Alexander"]
[Black "Nun, Jiri"]
[Result "1/2-1/2"]
[WhiteElo "2393"]
[BlackElo "2304"]
[PlyCount "43"]
[EventDate "2018.10.21"]
[EventType "team-tourn"]
[EventRounds "11"]
[EventCountry "CZE"]
[SourceTitle "CBM 189 Extra"]
[Source "ChessBase"]
[SourceDate "2019.06.03"]
[SourceVersion "1"]
[SourceVersionDate "2019.06.03"]
[SourceQuality "1"]
[WhiteTeam "Pankrac"]
[BlackTeam "Hradec Kralove"]
[WhiteTeamCountry "CZE"]
[BlackTeamCountry "CZE"]

1. e4 c5 2. Nf3 Nc6 3. d4 cxd4 4. Nxd4 Nf6 5. Nc3 e5 6. Ndb5 d6 7. Bg5 a6 8. Na3 b5 9. Nd5 Be7 10. Bxf6 Bxf6 11. c3 Bb7 12. Nc2 Nb8 13. Nce3 Nd7 14. Nf5 0-0 15. Nxd6 Bxd5 16. exd5 Nb6 17. Ne4 Nxd5 18. g3 Be7 19. Bg2 Nb6 20. Qh5 f5 21. Rd1 Qe8 22. Qxe8 1/2-1/2

[Event "CZE-chT1W 1819"]
[Site "Czech Republic"]
[Date "2019.02.17"]
[Round "8.4"]
[White "Priehoda, Vitezslav"]
[Black "Nun, Jiri"]
[Result "1/2-1/2"]
[WhiteElo "2354"]
[BlackElo "2304"]
[PlyCount "79"]
[EventDate "2018.10.21"]
[EventType "team-tourn"]
[EventRounds "11"]
[EventCountry "CZE"]
[SourceTitle "CBM 189 Extra"]
[Source "ChessBase"]
[SourceDate "2019.06.03"]
[SourceVersion "1"]
[SourceVersionDate "2019.06.03"]
[SourceQuality "1"]
[WhiteTeam "Lysa nad Labem III"]
[BlackTeam "Hradec Kralove"]
[WhiteTeamCountry "CZE"]
[BlackTeamCountry "CZE"]

1. d4 d5 2. c4 e6 3. Nf3 Nf6 4. Nc3 Be7 5. Bg5 c6 6. e3 Nbd7 7. Qc2 h6 8. Bh4 a5 9. Bd3 dxc4 10. Bxc4 Nd5 11. Bg3 0-0 12. 0-0 Nb4 13. Qd2 b6 14. Rfd1 Ba6 15. Bxa6 Nxa6 16. Rac1 Rc8 17. Qe2 Nab8 18. Ne4 b5 19. Nd6 Bxd6 20. Bxd6 Re8 21. e4 Qb6 22. e5 c5 23. dxc5 Nxc5 24. Nd4 b4 25. Bxc5 Rxc5 26. Rxc5 Qxc5 27. Nb3 Qc7 28. Qb5 Rd8 29. Rxd8+ Qxd8 30. h3 Nd7 31. Nxa5 Qg5 32. Qxb4 Qxe5 33. Nc6 Qe2 34. Qd4 Nf6 35. Ne5 Ne4 36. Qe3 Qd1+ 37. Kh2 Nd2 38. Qd3 Nf1+ 39. Kg1 Nd2+ 40. Kh2 1/2-1/2

[Event "CZE-chT2C 1819"]
[Site "Czech Republic"]
[Date "2018.12.02"]
[Round "4.1"]
[White "Nun, Jiri"]
[Black "Orsag, Milan"]
[Result "1-0"]
[WhiteElo "2304"]
[BlackElo "2312"]
[PlyCount "89"]
[EventDate "2018.10.14"]
[EventType "team-tourn"]
[EventRounds "11"]
[EventCountry "CZE"]
[SourceTitle "EXT 2022"]
[Source "ChessBase"]
[SourceDate "2021.10.06"]
[SourceVersion "1"]
[SourceVersionDate "2021.10.06"]
[SourceQuality "1"]
[WhiteTeam "Hradec Kralove II"]
[BlackTeam "Neratovice II"]
[WhiteTeamCountry "CZE"]
[BlackTeamCountry "CZE"]

1. e4 c5 2. Nf3 e6 3. b3 b6 4. Bb2 Bb7 5. Nc3 a6 6. d4 cxd4 7. Qxd4 Nc6 8. Qd2 Qc7 9. Bd3 Nf6 10. 0-0 d6 11. Ne2 Be7 12. c4 0-0 13. Rac1 Rfd8 14. h3 Ne5 15. Ng3 Nxd3 16. Qxd3 Rac8 17. Qe3 h6 18. Rfd1 Bc6 19. Re1 Qb7 20. Nd4 Be8 21. a4 b5 22. axb5 axb5 23. cxb5 Bxb5 24. Ra1 Be8 25. Nxe6 fxe6 26. Ra7 Qxa7 27. Qxa7 Rd7 28. Qa6 Rb8 29. Re3 Rdb7 30. Qc4 Bf7 31. e5 d5 32. Qc2 Nd7 33. Ne2 Nc5 34. Nd4 Ra8 35. Nc6 Bf8 36. Bd4 Ne4 37. Rxe4 Bg6 38. Na5 Rxa5 39. Qc6 Rxb3 40. Re1 Bf7 41. Qc8 Rba3 42. Rb1 Ra8 43. Rb8 Rxb8 44. Qxb8 Ra4 45. Bc5 1-0

[Event "Pardubice Czech op-A 29th"]
[Site "Pardubice"]
[Date "2018.07.27"]
[Round "8"]
[White "Eliseev, Evgeniy1111"]
[Black "Nun, Jiri"]
[Result "1-0"]
[WhiteElo "2379"]
[BlackElo "2306"]
[PlyCount "145"]
[EventDate "2018.07.20"]
[EventType "swiss"]
[EventRounds "9"]
[EventCountry "CZE"]
[SourceTitle "CBM 185 Extra"]
[Source "ChessBase"]
[SourceDate "2018.07.29"]
[SourceVersion "1"]
[SourceVersionDate "2018.07.29"]
[SourceQuality "1"]

1. d4 Nf6 2. c4 e6 3. Nc3 b6 4. e4 c5 5. d5 d6 6. Bd3 e5 7. f4 exf4 8. Bxf4 Be7 9. Nf3 0-0 10. 0-0 Bg4 11. h3 Bxf3 12. Rxf3 Nbd7 13. Be2 Ne8 14. Qc2 Bf6 15. Raf1 Be5 16. Nd1 Bxf4 17. Rxf4 Ne5 18. Ne3 g6 19. Ng4 a6 20. Qc3 Nxg4 21. Bxg4 Ra7 22. Qg3 Qg5 23. Qb3 Qd8 24. h4 Ng7 25. Qh3 h5 26. Be2 Re7 27. g4 hxg4 28. Qxg4 Re5 29. Bd3 Qe7 30. R4f3 Rh5 31. Rh3 Re5 32. Rf2 Rh5 33. a4 a5 34. Bc2 Re5 35. Qf4 Rh5 36. Qf6 Re5 37. Rb3 Qc7 38. Rg2 Nh5 39. Qf2 Ng7 40. Qf6 Nh5 41. Qf2 Qd8 42. Rf3 Ng7 43. Rg4 Qe7 44. Qd2 Rh5 45. Qf4 Qe5 46. Qxe5 Rxe5 47. Rg5 Rxg5+ 48. hxg5 Rb8 49. Kf2 Rb7 50. Kg3 Ne8 51. Kf4 Kf8 52. Bd1 Ke7 53. Rh3 Nc7 54. Rh8 Na6 55. e5 Rb8 56. Rh7 Rf8 57. Bc2 Kd8 58. exd6 Nb8 59. Bd1 Kd7 60. Ke5 Re8+ 61. Kf6 Kxd6 62. Kxf7 Re4 63. b3 Rd4 64. Bc2 Nd7 65. Ke8 Ne5 66. Rb7 Rh4 67. Rxb6+ Kc7 68. Re6 Rh8+ 69. Ke7 Rh7+ 70. Kf6 Nd7+ 71. Kxg6 Rh2 72. Bf5 Nf8+ 73. Kf6 1-0

[Event "Pardubice op rapid 29th"]
[Site "Pardubice"]
[Date "2018.07.19"]
[Round "5"]
[White "Nun, Jiri"]
[Black "Claridge Hansen, William"]
[Result "0-1"]
[WhiteElo "2306"]
[BlackElo "2291"]
[PlyCount "62"]
[EventDate "2018.07.18"]
[EventType "swiss (rapid)"]
[EventRounds "9"]
[EventCountry "CZE"]
[SourceTitle "CBM 185 Extra"]
[Source "ChessBase"]
[SourceDate "2018.07.29"]
[SourceVersion "1"]
[SourceVersionDate "2018.07.29"]
[SourceQuality "1"]

1. e4 c5 2. Nf3 g6 3. c3 d5 4. e5 Nc6 5. d4 Bg4 6. Bb5 Rc8 7. h3 Bxf3 8. Qxf3 e6 9. 0-0 Qb6 10. Bxc6+ Rxc6 11. dxc5 Bxc5 12. Nd2 Ne7 13. b4 Qc7 14. bxc5 Rxc5 15. Qf6 Rg8 16. Bb2 Nc6 17. Nf3 g5 18. Rfe1 Rg6 19. Qh8+ Kd7 20. Qxh7 Nd8 21. Nd4 g4 22. Ba3 Rc4 23. Bd6 Qa5 24. Bb4 Qa4 25. Nb3 b6 26. h4 a5 27. Bd6 g3 28. f4 Rxf4 29. Rf1 Rgg4 30. Rxf4 Qxf4 31. Qc2 Qe3+ 0-1

[Event "Pardubice op rapid 29th"]
[Site "Pardubice"]
[Date "2018.07.19"]
[Round "6"]
[White "Roenko, Artur"]
[Black "Nun, Jiri"]
[Result "0-1"]
[WhiteElo "2162"]
[BlackElo "2306"]
[PlyCount "142"]
[EventDate "2018.07.18"]
[EventType "swiss (rapid)"]
[EventRounds "9"]
[EventCountry "CZE"]
[SourceTitle "CBM 185 Extra"]
[Source "ChessBase"]
[SourceDate "2018.07.29"]
[SourceVersion "1"]
[SourceVersionDate "2018.07.29"]
[SourceQuality "1"]

1. e4 c6 2. d4 g6 3. Nc3 d5 4. e5 Bg7 5. Nf3 Bg4 6. h3 Bxf3 7. Qxf3 e6 8. h4 h5 9. Bg5 Qb6 10. 0-0-0 a6 11. g4 Nd7 12. Kb1 c5 13. Na4 Qc6 14. Nxc5 Nxc5 15. dxc5 Qxc5 16. gxh5 Rxh5 17. Qb3 b5 18. f4 Ne7 19. Rd3 Nc6 20. Rc3 Qb6 21. Rch3 Rc8 22. Be2 Rh8 23. Qg3 Qc5 24. Qg2 Nxe5 25. fxe5 Qxc2+ 26. Ka1 Bxe5 27. Rb3 Rc4 28. Qf3 Ra4 29. Rc1 Qe4 30. Qxe4 Rxe4 31. Bd3 Rd4 32. Rc8+ Kd7 33. Rxh8 Bxh8 34. a4 Rxa4+ 35. Kb1 Kd6 36. Bd8 e5 37. Bc2 Rc4 38. Rf3 Ke6 39. Bb3 Rc8 40. Bb6 e4 41. Re3 f5 42. Rg3 Rg8 43. Be3 Be5 44. Rg1 f4 45. Bb6 Bf6 46. h5 g5 47. h6 Rh8 48. Rd1 Rxh6 49. Bxd5+ Kf5 50. Re1 e3 51. Bb3 Rh2 52. Bc2+ Kg4 53. Bxe3 fxe3 54. Rxe3 Rf2 55. Ra3 b4 56. Rd3 a5 57. b3 Bc3 58. Bd1+ Kf4 59. Rd7 Rd2 60. Rf7+ Kg3 61. Bh5 Rb2+ 62. Kc1 Rxb3 63. Rf5 Kh4 64. Bf7 Ra3 65. Kc2 a4 66. Rc5 g4 67. Rc4 Ra2+ 68. Kc1 Rf2 69. Be6 Rg2 70. Bd5 Rg3 71. Bc6 b3 0-1

[Event "Pardubice op rapid 29th"]
[Site "Pardubice"]
[Date "2018.07.18"]
[Round "3"]
[White "Nun, Jiri"]
[Black "Kyrychenko, Maryan"]
[Result "1/2-1/2"]
[WhiteElo "2306"]
[BlackElo "2152"]
[PlyCount "68"]
[EventDate "2018.07.18"]
[EventType "swiss (rapid)"]
[EventRounds "9"]
[EventCountry "CZE"]
[SourceTitle "CBM 185 Extra"]
[Source "ChessBase"]
[SourceDate "2018.07.29"]
[SourceVersion "1"]
[SourceVersionDate "2018.07.29"]
[SourceQuality "1"]

1. e4 c5 2. Nf3 d6 3. c3 Nf6 4. h3 Nc6 5. d4 cxd4 6. cxd4 Nxe4 7. d5 Qa5+ 8. Nc3 Nxc3 9. bxc3 Ne5 10. Qb3 Nxf3+ 11. gxf3 a6 12. Be3 b5 13. Bd3 g6 14. Bd4 Rg8 15. h4 Bf5 16. Be4 Rc8 17. 0-0 Bg7 18. a4 Bxd4 19. cxd4 b4 20. Rac1 Kd7 21. Rfe1 Bxe4 22. fxe4 Qb6 23. Qh3+ f5 24. Qe3 Rxc1 25. Rxc1 Rc8 26. Re1 Rc3 27. Qd2 Rc4 28. Rd1 b3 29. exf5 b2 30. Rb1 Rxd4 31. Qe2 Rxh4 32. Rxb2 Qc7 33. Qe6+ Kd8 34. Qg8+ Kd7 1/2-1/2

[Event "CZE-chT1W 1718"]
[Site "Czech Republic"]
[Date "2018.04.15"]
[Round "11.2"]
[White "Svoboda, Vaclav1111"]
[Black "Nun, Jiri"]
[Result "1/2-1/2"]
[WhiteElo "2424"]
[BlackElo "2304"]
[PlyCount "27"]
[EventDate "2017.10.29"]
[EventType "team-tourn"]
[EventRounds "11"]
[EventCountry "CZE"]
[SourceTitle "EXT 2019"]
[Source "ChessBase"]
[SourceDate "2018.10.10"]
[SourceVersion "1"]
[SourceVersionDate "2018.10.10"]
[SourceQuality "1"]
[WhiteTeam "Praha Oaza"]
[BlackTeam "Hradec Kralove Slavia"]
[WhiteTeamCountry "CZE"]
[BlackTeamCountry "CZE"]

1. e4 c5 2. Nf3 Nc6 3. d4 cxd4 4. Nxd4 Nf6 5. Nc3 e5 6. Ndb5 d6 7. Bg5 a6 8. Na3 b5 9. Nd5 Be7 10. Bxf6 Bxf6 11. c4 b4 12. Nc2 a5 13. h4 Rb8 14. Nxf6+ 1/2-1/2

[Event "CZE-chT2D 1718"]
[Site "Czech Republic"]
[Date "2018.02.25"]
[Round "9.1"]
[White "Nun, Jiri"]
[Black "Nemec, Pavel"]
[Result "1/2-1/2"]
[WhiteElo "2299"]
[BlackElo "2217"]
[PlyCount "20"]
[EventDate "2017.10.15"]
[EventType "team-tourn"]
[EventRounds "11"]
[EventCountry "CZE"]
[SourceTitle "EXT 2022"]
[Source "ChessBase"]
[SourceDate "2021.10.06"]
[SourceVersion "1"]
[SourceVersionDate "2021.10.06"]
[SourceQuality "1"]
[WhiteTeam "Hradec Kralove II"]
[BlackTeam "Vysoke Myto"]
[WhiteTeamCountry "CZE"]
[BlackTeamCountry "CZE"]

1. e4 e5 2. Nf3 Nc6 3. Bc4 Nf6 4. d3 Be7 5. Nbd2 0-0 6. Bb3 d6 7. c3 Na5 8. Bc2 c5 9. 0-0 Nc6 10. Re1 Qc7 1/2-1/2

[Event "CZE-chT2D 1718"]
[Site "Czech Republic"]
[Date "2018.02.11"]
[Round "8.1"]
[White "Kratochvil, Vit"]
[Black "Nun, Jiri"]
[Result "1/2-1/2"]
[WhiteElo "2220"]
[BlackElo "2299"]
[PlyCount "65"]
[EventDate "2017.10.15"]
[EventType "team-tourn"]
[EventRounds "11"]
[EventCountry "CZE"]
[SourceTitle "EXT 2022"]
[Source "ChessBase"]
[SourceDate "2021.10.06"]
[SourceVersion "1"]
[SourceVersionDate "2021.10.06"]
[SourceQuality "1"]
[WhiteTeam "Namest nad Oslavou"]
[BlackTeam "Hradec Kralove II"]
[WhiteTeamCountry "CZE"]
[BlackTeamCountry "CZE"]

1. Nf3 c5 2. e4 Nc6 3. d4 cxd4 4. Nxd4 d5 5. Bb5 dxe4 6. Nxc6 Qxd1+ 7. Kxd1 a6 8. Nd4+ axb5 9. Nxb5 Bg4+ 10. Ke1 Rc8 11. N1c3 f5 12. h3 Bh5 13. Nd4 Bg6 14. Bf4 Nf6 15. Rd1 Nd7 16. Ne6 Rc6 17. Nxf8 Rxf8 18. Rd5 e6 19. Rb5 b6 20. Kd2 Ke7 21. Kc1 h6 22. Rd1 Rfc8 23. a3 Be8 24. Rb4 e5 25. Bh2 Ke6 26. Rd2 Nc5 27. Kb1 Bg6 28. Rc4 Be8 29. Rb4 Bf7 30. Rd5 Nd7 31. Rd2 Nc5 32. Rd5 Nd7 33. Rd2 1/2-1/2

[Event "CZE-chT2D 1718"]
[Site "Czech Republic"]
[Date "2017.12.17"]
[Round "5.1"]
[White "Nun, Jiri"]
[Black "Jirasek, Pavel"]
[Result "1/2-1/2"]
[WhiteElo "2299"]
[BlackElo "2292"]
[PlyCount "75"]
[EventDate "2017.10.15"]
[EventType "team-tourn"]
[EventRounds "11"]
[EventCountry "CZE"]
[SourceTitle "EXT 2022"]
[Source "ChessBase"]
[SourceDate "2021.10.06"]
[SourceVersion "1"]
[SourceVersionDate "2021.10.06"]
[SourceQuality "1"]
[WhiteTeam "Hradec Kralove II"]
[BlackTeam "Lipa"]
[WhiteTeamCountry "CZE"]
[BlackTeamCountry "CZE"]

1. e4 c5 2. Nf3 Nc6 3. Bb5 g6 4. Bxc6 dxc6 5. h3 Bg7 6. 0-0 Nf6 7. d3 0-0 8. Nc3 b6 9. Be3 e5 10. a3 Nh5 11. b4 cxb4 12. axb4 Nf4 13. Ra3 f5 14. Qa1 fxe4 15. Nxe4 Ne2+ 16. Kh2 Rxf3 17. gxf3 Qd7 18. Qa2+ Kh8 19. Ng5 h6 20. c3 Nf4 21. Bxf4 exf4 22. Nf7+ Kh7 23. Re1 Qxh3+ 24. Kg1 Qxf3 25. Qe2 Qd5 26. Ne5 Bb7 27. c4 Qd6 28. c5 bxc5 29. Nc4 Qd5 30. Qe7 cxb4 31. Qxb7 bxa3 32. Qxa8 Qxd3 33. Nxa3 Qxa3 34. Qxc6 Qh3 35. Re7 Qg4+ 36. Kf1 f3 37. Qc5 a5 38. Rxg7+ 1/2-1/2